000 00256 a2200097 4500
082 _a954.91 ZAI
100 _aZaidi,Z.H.
245 _aJinnah Papers /
_cZ.H.Zaidi
260 _aIslamabad :
_cQuaid e azam papers project culture division Govt Pakistan,
300 _c26cm
650 _apapers
999 _c1914
_d1914